header

Moodle 1.9 teaching techniques (Record no. 135602)

MARC details
000 -LEADER
fixed length control field 01318nam a2200313 a 4500
100 1# - MAIN ENTRY--AUTHOR NAME
Personal name Rice, William.
245 10 - TITLE STATEMENT
Title Moodle 1.9 teaching techniques
260 ## - PUBLICATION, DISTRIBUTION, ETC. (IMPRINT)
Place of publication Birmingham, U.K. :
Name of publisher Packt Pub.,
Year of publication 2010.
300 ## - PHYSICAL DESCRIPTION
Number of Pages vi, 200 p. :
Other physical details ill. (chiefly col.)
500 ## - GENERAL NOTE
General note Includes index.
650 #0 - SUBJECT ADDED ENTRY--TOPICAL TERM
Topical Term Computer-assisted instruction
Topical Term Open source software
700 1# - ADDED ENTRY--PERSONAL NAME
Personal name Nash, Susan Smith,
856 40 - ELECTRONIC LOCATION AND ACCESS
Uniform Resource Identifier http://site.ebrary.com/lib/rucke/Doc?id=10442995

No items available.

© 2026 Rongo University
Contact us: librarian | system librarian | Rongo university